People Who Almost Became President - Statistics

General Stats
  • This quiz has been taken 56 times
    33 since last reset
  • The average score is 15 of 24
Answer Stats
Hint Answer % Correct
+ 2,868,686 Hillary Clinton
100%
+ 543,895 Al Gore
96%
- 9,941,193 John McCain
79%
- 112,827 Richard Nixon
75%
- 2,188,055 Thomas Dewey
71%
- 3,594,987 Thomas Dewey
71%
- 5,805,339 George H. W. Bush
67%
- 8,423,115 Jimmy Carter
67%
- 3,012,166 John Kerry
67%
- 4,979,291 Mitt Romney
67%
- 7,060,130 Donald Trump
58%
- 1,683,247 Gerald Ford
58%
- 6,700,439 Adlai Stevenson
54%
- 9,551,152 Adlai Stevenson
54%
- 8,203,716 Bob Dole
54%
- 16,878,120 Walter Mondale
54%
- 15,951,287 Barry Goldwater
50%
- 511,944 Hubert Humphrey
50%
- 7,077,523 Michael Dukakis
50%
- 11,068,093 Alf Landon
46%
- 17,995,488 George McGovern
46%
- 6,411,659 Al Smith
42%
- 7,060,023 Herbert Hoover
42%
- 4,966,201 Wendell Wilkie
33%
No matching quizzes found
Score Distribution
Percent of People with Each Score
Percentile by Number Answered
Your Score History
You have not taken this quiz since the last reset